000
00229 a2200097 4500
001
37344
100
_a
Ranganathan S R
245
_a
Cataloguing practice
260
_a
Bangalore
_b
Ranganathan Endowment
_c
090
_c
23815
_d
23815
942
_a
NUST-CAE
_c
M
_c
15353
999
_c
272417
_d
272417